Statistics for Geo map

Click here to take the quiz!

General Stats

  • This quiz has been taken 5 times
  • The average score is 21 of 30

Answers on the Map

Answers color-coded by a green-red scale on the quiz's map according to % correct below.
 

Answer Stats

Answer% Correct
Ukraine
100%
Algeria
75%
Australia
75%
Austria
75%
Brazil
75%
Canada
75%
Chile
75%
Etiopia
75%
Finland
75%
France
75%
Hungary
75%
Iran
75%
Kazachstan
75%
Mali
75%
Mozambique
75%
Nepal
75%
Niger
75%
Norway
75%
Oman
75%
Poland
75%
Slovakia
75%
Sweden
75%
Tansania
75%
Uganda
75%
UK
75%
Zimbabwe
75%
Bangladesh
50%
Malaysia
50%
Czech Republic
25%
Uruguay
0%

Score Distribution

Percentile by Number Answered

Percent of People with Each Score

Your Score History

You have not taken this quiz